BASIC OF ANATOMY , PHYSIOLOGY & MICROBIOLOGY (Record no. 2075)
[ view plain ]
| 000 -LEADER | |
|---|---|
| fixed length control field | 00348nam a2200145Ia 4500 |
| 008 - FIXED-LENGTH DATA ELEMENTS--GENERAL INFORMATION | |
| fixed length control field | 150201s2013 xx 000 0 und d |
| 082 ## - DEWEY DECIMAL CLASSIFICATION NUMBER | |
| Classification number | 611 |
| Item number | B13V |
| 100 ## - MAIN ENTRY--PERSONAL NAME | |
| Personal name | VENKTESH , D. |
| 245 ## - TITLE STATEMENT | |
| Title | BASIC OF ANATOMY , PHYSIOLOGY & MICROBIOLOGY |
| 250 ## - EDITION STATEMENT | |
| Edition statement | 1ST |
| 260 ## - PUBLICATION, DISTRIBUTION, ETC. (IMPRINT) | |
| Name of publisher, distributor, etc. | CBS |
| Place of publication, distribution, etc. | DELHI |
| Date of publication, distribution, etc. | 2013 |
| 300 ## - PHYSICAL DESCRIPTION | |
| Extent | 369 |
| 650 ## - SUBJECT ADDED ENTRY--TOPICAL TERM | |
| Topical term or geographic name as entry element | ANATOMY |
| 942 ## - ADDED ENTRY ELEMENTS (KOHA) | |
| Source of classification or shelving scheme | Dewey Decimal Classification |
| Koha item type | Books |
| Koha issues (borrowed), all copies | 64 |
| Withdrawn status | Lost status | Source of classification or shelving scheme | Damaged status | Not for loan | Collection code | Home library | Current library | Shelving location | Date acquired | Source of acquisition | Cost, normal purchase price | SGTU | Bill Number | Total Checkouts | Full call number | Barcode | Date last seen | Date last checked out | Bill Date | Koha item type |
|---|---|---|---|---|---|---|---|---|---|---|---|---|---|---|---|---|---|---|---|---|
| Dewey Decimal Classification | NURSING | SGT Medical Library | SGT Medical Library | Text Book | 28/01/2013 | NBM DELHI | 345.00 | SGTU | 1345 | 32 | 611 B13V | FN761 | 10/01/2026 | 24/12/2025 | 28/01/2013 | Books | ||||
| Dewey Decimal Classification | NURSING | SGT Medical Library | SGT Medical Library | Text Book | 28/01/2013 | NBM DELHI | 345.00 | SGTU | 1345 | 36 | 611 B13V | FN762 | 03/02/2024 | 27/01/2024 | 28/01/2013 | Books | ||||
| weeded-out | Dewey Decimal Classification | NURSING | SGT Medical Library | SGT Medical Library | Text Book | 28/01/2013 | NBM DELHI | 345.00 | SGTU | 1345 | 9 | 611 B13V | FN763 | 05/10/2021 | 27/09/2021 | 28/01/2013 | Books | |||
| weeded-out | Dewey Decimal Classification | NURSING | SGT Medical Library | SGT Medical Library | Text Book | 28/01/2013 | NBM DELHI | 345.00 | SGTU | 1345 | 11 | 611 B13V | FN764 | 05/10/2021 | 22/09/2021 | 28/01/2013 | Books | |||
| Dewey Decimal Classification | NURSING | SGT Medical Library | SGT Medical Library | Text Book | 28/01/2013 | NBM DELHI | 345.00 | SGTU | 1345 | 35 | 611 B13V | FN765 | 10/01/2025 | 27/12/2024 | 28/01/2013 | Books |